[Event "SLO-chT2 West"]
[Site "Komenda"]
[Date "2021.12.04"]
[Round "6.3"]
[White "Pucelj, Joze"]
[Black "More, Erlend"]
[Result "1-0"]
[WhiteElo "2030"]
[BlackElo "1621"]
[PlyCount "37"]
[EventDate "2021.11.27"]
[EventType "team-tourn"]
[EventRounds "7"]
[EventCountry "SLO"]
[SourceTitle "EXT 2024"]
[Source "ChessBase"]
[SourceDate "2023.10.10"]
[SourceVersion "1"]
[SourceVersionDate "2023.10.10"]
[SourceQuality "1"]
[WhiteTeam "Dolenjske Toplice"]
[BlackTeam "Komenda SK II"]
[WhiteTeamCountry "SLO"]
[BlackTeamCountry "SLO"]

1. e4 Nf6 2. e5 Nd5 3. d4 d6 4. c4 Nb6 5. exd6 cxd6 6. Nc3 g6 7. Be2 Bg7 8. Be3 Nc6 9. b3 Bf5 10. Rc1 0-0 11. Nf3 e5 12. d5 Ne7 13. 0-0 Nd7 14. b4 b6 15. Nb5 Qb8 16. c5 bxc5 17. bxc5 dxc5 18. d6 Rc8 19. dxe7 1-0

[Event "Ljubljana-chT 73rd"]
[Site "Ljubljana"]
[Date "2020.02.13"]
[Round "4.1"]
[White "Filippovskiy, Nikita"]
[Black "More, Erlend"]
[Result "0-1"]
[WhiteElo "1269"]
[BlackElo "1616"]
[PlyCount "82"]
[EventDate "2020.01.16"]
[EventType "team-swiss"]
[EventRounds "6"]
[EventCountry "SLO"]
[SourceTitle "EXT 2024"]
[Source "ChessBase"]
[SourceDate "2023.10.10"]
[SourceVersion "1"]
[SourceVersionDate "2023.10.10"]
[SourceQuality "1"]
[WhiteTeam "Menges Trzin III"]
[BlackTeam "Komenda Pogi"]
[WhiteTeamCountry "SLO"]
[BlackTeamCountry "SLO"]

1. e4 Nf6 2. e5 Nd5 3. c4 Nb6 4. Nc3 c5 5. Nf3 Nc6 6. Be2 d6 7. exd6 exd6 8. 0-0 Be7 9. d4 cxd4 10. Nxd4 Nxd4 11. Qxd4 Bf6 12. Qe4+ Qe7 13. Qxe7+ Bxe7 14. Re1 0-0 15. Bf4 Be6 16. Nd5 Nxd5 17. cxd5 Bxd5 18. Bb5 Be6 19. Rad1 Rfd8 20. Bg3 a6 21. Ba4 Bf6 22. Rxd6 Rxd6 23. Bxd6 Bxb2 24. Rb1 Rc8 25. Bf4 Bf6 26. Rxb7 Bxa2 27. Bd7 Rd8 28. h3 h6 29. Bc6 Bd5 30. Bxd5 Rxd5 31. Rb6 a5 32. Bxh6 Be5 33. g3 gxh6 34. Rxh6 f6 35. Kg2 a4 36. Rh4 Bd4 37. Re4 a3 38. Re8+ Kf7 39. Ra8 Bc5 40. Ra5 Ke6 41. g4 Bd6 0-1

[Event "SLO-chT2 West"]
[Site "Komenda"]
[Date "2019.12.01"]
[Round "9.3"]
[White "More, Erlend"]
[Black "Prestrl, Jozef"]
[Result "1/2-1/2"]
[WhiteElo "1576"]
[BlackElo "1854"]
[PlyCount "62"]
[EventDate "2019.11.15"]
[EventType "team-tourn"]
[EventRounds "9"]
[EventCountry "SLO"]
[SourceTitle "EXT 2024"]
[Source "ChessBase"]
[SourceDate "2023.10.10"]
[SourceVersion "1"]
[SourceVersionDate "2023.10.10"]
[SourceQuality "1"]
[WhiteTeam "Komenda SK"]
[BlackTeam "Radovljica"]
[WhiteTeamCountry "SLO"]
[BlackTeamCountry "SLO"]

1. d4 d5 2. c4 c6 3. Nc3 g6 4. Nf3 Bg7 5. cxd5 cxd5 6. Bf4 a6 7. e3 Nf6 8. Bd3 0-0 9. 0-0 Bg4 10. h3 Bxf3 11. Qxf3 e6 12. Rac1 Nbd7 13. Na4 Rc8 14. Rxc8 Qxc8 15. Qe2 Qc6 16. Qc2 Qxc2 17. Bxc2 Rc8 18. Bd3 Bf8 19. Nc3 Bb4 20. Ne2 h5 21. Rc1 Rxc1+ 22. Nxc1 Ne8 23. a3 Bd6 24. Bxd6 Nxd6 25. Kf1 Kf8 26. Ke2 Ke7 27. b3 h4 28. g3 hxg3 29. fxg3 g5 30. h4 gxh4 31. gxh4 f5 1/2-1/2

[Event "SLO-chT3 West"]
[Site "Komenda"]
[Date "2017.12.09"]
[Round "2.3"]
[White "More, Erlend"]
[Black "Pajek, Tjasa"]
[Result "1-0"]
[WhiteElo "1611"]
[BlackElo "1275"]
[PlyCount "121"]
[EventDate "2017.12.08"]
[EventType "team-swiss"]
[EventRounds "5"]
[EventCountry "SLO"]
[SourceTitle "EXT 2019"]
[Source "ChessBase"]
[SourceDate "2018.10.10"]
[SourceVersion "1"]
[SourceVersionDate "2018.10.10"]
[SourceQuality "1"]
[WhiteTeam "Komenda Popotnik"]
[BlackTeam "Novo Mesto Krka II"]
[WhiteTeamCountry "SLO"]
[BlackTeamCountry "SLO"]

1. d4 d5 2. c4 e6 3. Nc3 Nf6 4. Nf3 c5 5. Bg5 Be7 6. e3 h6 7. Bh4 b6 8. cxd5 exd5 9. Bb5+ Bd7 10. 0-0 Bxb5 11. Nxb5 0-0 12. Rc1 Nbd7 13. b3 a6 14. Nc3 Rc8 15. dxc5 Rxc5 16. Qd3 Qa8 17. Nd4 Rfc8 18. Nf5 Bf8 19. Ne2 Rxc1 20. Rxc1 Rxc1+ 21. Nxc1 Qc8 22. Ne2 Ne5 23. Qb1 Ne4 24. Nfd4 Nc3 25. Nxc3 Qxc3 26. Kf1 Qd3+ 27. Qxd3 Nxd3 28. Bd8 b5 29. a4 bxa4 30. bxa4 Nb2 31. a5 Nc4 32. Nc6 Bd6 33. h3 Kf8 34. Ke2 Ke8 35. Bb6 Kd7 36. Nd4 g6 37. Kd3 Bc7 38. Bxc7 Kxc7 39. Nb3 Kc6 40. Kd4 Kb5 41. Kxd5 Nxa5 42. Nc5 Nc4 43. Nxa6 Nb6+ 44. Kd6 Kxa6 45. Ke7 f5 46. Kf6 g5 47. Kxf5 Kb7 48. Kg6 Kc7 49. Kxh6 g4 50. hxg4 Kd7 51. f4 Nd5 52. g5 Ke7 53. Kh7 Kf8 54. f5 Nxe3 55. f6 Nd5 56. g4 Ke8 57. Kg7 Nf4 58. f7+ Kd7 59. g6 Ne6+ 60. Kg8 Ke7 61. g7 1-0

[Event "SLO-chT Central Superliga 17th"]
[Site "Slovenia"]
[Date "2016.11.24"]
[Round "9.4"]
[White "More, Erlend"]
[Black "Jelen, Miha"]
[Result "0-1"]
[WhiteElo "1650"]
[BlackElo "1938"]
[PlyCount "62"]
[EventDate "2016.09.22"]
[EventType "team-tourn"]
[EventRounds "9"]
[EventCountry "SLO"]
[SourceTitle "EXT 2023"]
[Source "ChessBase"]
[SourceDate "2022.10.05"]
[SourceVersion "1"]
[SourceVersionDate "2022.10.05"]
[SourceQuality "1"]
[WhiteTeam "Komenda Pogi"]
[BlackTeam "Ig"]
[WhiteTeamCountry "SLO"]
[BlackTeamCountry "SLO"]

1. d4 d5 2. c4 e6 3. Nc3 c5 4. Nf3 Nc6 5. cxd5 exd5 6. e3 Nf6 7. Be2 Bg4 8. h3 Bh5 9. 0-0 Bd6 10. b3 0-0 11. Bb2 Re8 12. dxc5 Bxc5 13. Na4 Be7 14. Nc3 Qd7 15. Nd4 Bxe2 16. Ndxe2 Rad8 17. Rc1 Bd6 18. Nb5 Be5 19. Bxe5 Rxe5 20. Nbd4 Ne4 21. a3 Rg5 22. Nf4 Ne5 23. f3 Ng3 24. Rf2 Ng6 25. Nxg6 Rxg6 26. Kh2 Qd6 27. Kg1 Qe5 28. Rfc2 Qxe3+ 29. Kh2 Qe5 30. Kg1 Rgd6 31. Rc8 Qxd4+ 0-1

[Event "SLO-chT Central Superliga 17th"]
[Site "Slovenia"]
[Date "2016.09.22"]
[Round "1.4"]
[White "Juhant, Igor"]
[Black "More, Erlend"]
[Result "1-0"]
[WhiteElo "1964"]
[BlackElo "1650"]
[PlyCount "59"]
[EventDate "2016.09.22"]
[EventType "team-tourn"]
[EventRounds "9"]
[EventCountry "SLO"]
[SourceTitle "EXT 2023"]
[Source "ChessBase"]
[SourceDate "2022.10.05"]
[SourceVersion "1"]
[SourceVersionDate "2022.10.05"]
[SourceQuality "1"]
[WhiteTeam "Komenda Popotnik"]
[BlackTeam "Komenda Pogi"]
[WhiteTeamCountry "SLO"]
[BlackTeamCountry "SLO"]

1. e4 Nf6 2. Nc3 d5 3. e5 d4 4. Nce2 Ng4 5. f4 Nc6 6. Nf3 d3 7. cxd3 Qxd3 8. Nc3 Qd8 9. d4 e6 10. Bb5 a6 11. Bxc6+ bxc6 12. 0-0 Bb7 13. Ng5 Nh6 14. Be3 Nf5 15. Bf2 h6 16. Nge4 Be7 17. Qa4 0-0 18. Rad1 Rb8 19. Nc5 Bc8 20. b3 Qe8 21. Nxa6 Rb6 22. Nc5 g5 23. Qc4 gxf4 24. Qe2 Kh7 25. Qe4 Rg8 26. Qxf4 Bg5 27. Qf3 Kh8 28. N3e4 Nh4 29. Bxh4 Bxh4 30. Qh5 1-0

[Event "SLO-ch blind int 11th"]
[Site "Izola"]
[Date "2015.06.12"]
[Round "6"]
[White "Cabarkapa, Milenko"]
[Black "More, Erlend"]
[Result "1-0"]
[WhiteElo "2179"]
[BlackElo "1660"]
[PlyCount "81"]
[EventDate "2015.06.08"]
[EventType "swiss"]
[EventRounds "7"]
[EventCountry "SLO"]
[SourceTitle "EXT 2024"]
[Source "ChessBase"]
[SourceDate "2023.10.10"]
[SourceVersion "1"]
[SourceVersionDate "2023.10.10"]
[SourceQuality "1"]

1. Nf3 d5 2. d4 Nf6 3. c4 c6 4. Nc3 e6 5. Bg5 Nbd7 6. e3 Be7 7. Rc1 0-0 8. Bd3 dxc4 9. Bxc4 b5 10. Bd3 Bb7 11. 0-0 a6 12. Ne4 Rc8 13. Bxf6 Nxf6 14. Nc5 Ba8 15. b4 a5 16. a3 axb4 17. axb4 Nd7 18. Qc2 h6 19. Rfd1 Nxc5 20. dxc5 Qc7 21. Rd2 Bb7 22. Rcd1 Rfd8 23. Nd4 Bf6 24. Be4 Ra8 25. g3 Rab8 26. Nb3 Rbc8 27. Na5 Ba8 28. Rxd8+ Rxd8 29. Rxd8+ Bxd8 30. Qd1 Be7 31. Qf3 Bxc5 32. bxc5 Qxa5 33. Bxc6 Qe1+ 34. Kg2 b4 35. Bxa8 b3 36. Qb7 Qa1 37. Qb8+ Kh7 38. Be4+ f5 39. Bd3 Qc3 40. Qb5 b2 41. c6 1-0

[Event "SLO-ch blind int 11th"]
[Site "Izola"]
[Date "2015.06.09"]
[Round "3"]
[White "Janzekovic, Anton"]
[Black "More, Erlend"]
[Result "1/2-1/2"]
[WhiteElo "1870"]
[BlackElo "1660"]
[PlyCount "24"]
[EventDate "2015.06.08"]
[EventType "swiss"]
[EventRounds "7"]
[EventCountry "SLO"]
[SourceTitle "EXT 2024"]
[Source "ChessBase"]
[SourceDate "2023.10.10"]
[SourceVersion "1"]
[SourceVersionDate "2023.10.10"]
[SourceQuality "1"]

1. b3 e5 2. g3 f5 3. Bg2 Nf6 4. e3 Nc6 5. Ne2 Be7 6. 0-0 0-0 7. Bb2 d5 8. d3 Be6 9. Nd2 Bd6 10. Nf3 f4 11. Ng5 Bd7 12. exf4 d4 1/2-1/2

[Event "SLO-ch blind int 11th"]
[Site "Izola"]
[Date "2015.06.08"]
[Round "2"]
[White "Pockaj, Branko"]
[Black "More, Erlend"]
[Result "1/2-1/2"]
[WhiteElo "1688"]
[BlackElo "1660"]
[PlyCount "68"]
[EventDate "2015.06.08"]
[EventType "swiss"]
[EventRounds "7"]
[EventCountry "SLO"]
[SourceTitle "EXT 2024"]
[Source "ChessBase"]
[SourceDate "2023.10.10"]
[SourceVersion "1"]
[SourceVersionDate "2023.10.10"]
[SourceQuality "1"]

1. c4 e5 2. Nc3 f5 3. d3 Nf6 4. g3 c6 5. Bg2 d6 6. e3 Be7 7. Nge2 Be6 8. Qa4 0-0 9. 0-0 Nbd7 10. Qc2 Qe8 11. f4 Qh5 12. h3 Qg6 13. Kh2 h5 14. h4 Ng4+ 15. Kg1 Ndf6 16. b3 Rac8 17. d4 e4 18. Nd1 d5 19. c5 Nd7 20. b4 Kf7 21. Bd2 Kg8 22. a3 a6 23. Nf2 Ndf6 24. Nh3 Nh7 25. Rfb1 Ra8 26. a4 Bd7 27. Nf2 Nhf6 28. Nd1 Rfc8 29. Ndc3 Qe8 30. Qb3 Kh7 31. Bf1 Qg6 32. Bg2 Qe8 33. Bf1 Qg6 34. Bg2 Qe8 1/2-1/2

[Event "Ljubljana-chT 68th 1st League"]
[Site "Ljubljana"]
[Date "2015.02.19"]
[Round "6.3"]
[White "More, Erlend"]
[Black "Becic, Semso"]
[Result "0-1"]
[WhiteElo "1666"]
[BlackElo "1689"]
[PlyCount "147"]
[EventDate "2015.01.08"]
[EventType "team-tourn"]
[EventRounds "9"]
[EventCountry "SLO"]
[SourceTitle "EXT 2022"]
[Source "ChessBase"]
[SourceDate "2021.10.06"]
[SourceVersion "1"]
[SourceVersionDate "2021.10.06"]
[SourceQuality "1"]
[WhiteTeam "Komenda Suma"]
[BlackTeam "Zelenci LPP"]
[WhiteTeamCountry "SLO"]
[BlackTeamCountry "SLO"]

1. d4 g6 2. c4 Bg7 3. Nc3 d6 4. Nf3 Bg4 5. e3 Nf6 6. Bd3 0-0 7. h3 Bd7 8. e4 Nc6 9. a3 e5 10. d5 Nb8 11. Be3 c5 12. Qd2 a6 13. Bh6 b5 14. Bxg7 Kxg7 15. cxb5 axb5 16. Nxb5 Bxb5 17. Bxb5 Nxe4 18. Qe2 Qa5+ 19. Kf1 Nf6 20. Rd1 Ra7 21. Bc4 Nbd7 22. g4 e4 23. g5 exf3 24. gxf6+ Nxf6 25. Qxf3 Re7 26. Bd3 Qa4 27. Kg2 Rfe8 28. h4 Re5 29. Bb1 h5 30. Rd2 Re1 31. Rd1 Rxh1 32. Rxh1 Qd4 33. Kh3 Nxd5 34. Rd1 Qxb2 35. Bxg6 Qf6 36. Bxh5 Nf4+ 37. Kg3 Ne2+ 38. Kh3 Qxf3+ 39. Bxf3 Nd4 40. Kg3 Kf6 41. Kf4 Ne6+ 42. Kg3 Rg8+ 43. Kh2 Nd4 44. Bd5 Rg7 45. Rd3 Ke5 46. Bg2 d5 47. a4 c4 48. Rc3 f5 49. a5 f4 50. a6 Nb5 51. Rc2 Ra7 52. Re2+ Kd6 53. Rd2 d4 54. Rc2 Kc5 55. Bf1 Nc3 56. Kh3 Rxa6 57. Kg4 Ra1 58. Bg2 Rg1 59. Kf3 Rxg2 60. Kxg2 d3 61. h5 Ne4 62. Kf3 d2 63. Rxd2 Nxd2+ 64. Kxf4 Ne4 65. h6 Nd6 66. h7 Nf7 67. Kf5 c3 68. Kf6 Nh8 69. Kg7 c2 70. Kxh8 c1Q 71. Kg7 Qg5+ 72. Kf7 Qh6 73. Kg8 Qg6+ 74. Kh8 0-1

[Event "Ljubljana Winter op"]
[Site "Ljubljana"]
[Date "2014.03.05"]
[Round "6"]
[White "More, Erlend"]
[Black "Dajcman, Aleksander"]
[Result "1/2-1/2"]
[WhiteElo "1693"]
[BlackElo "1361"]
[PlyCount "102"]
[EventDate "2014.01.08"]
[EventType "swiss"]
[EventRounds "9"]
[EventCountry "SLO"]
[SourceTitle "EXT 2023"]
[Source "ChessBase"]
[SourceDate "2022.10.05"]
[SourceVersion "1"]
[SourceVersionDate "2022.10.05"]
[SourceQuality "1"]

1. d4 d5 2. c4 e6 3. Nc3 Nf6 4. Bg5 Nbd7 5. cxd5 Be7 6. dxe6 fxe6 7. Qd3 a6 8. Nf3 h6 9. Bf4 Nb6 10. e4 0-0 11. Be3 Bd7 12. h3 a5 13. a3 a4 14. Qc2 Rc8 15. Ne5 c5 16. Nxd7 Qxd7 17. Bb5 Qd8 18. Rd1 cxd4 19. Bxd4 Qc7 20. 0-0 e5 21. Bxb6 Qxb6 22. Bxa4 Qa5 23. Qb3+ Kh8 24. Qb5 Qxb5 25. Nxb5 Nxe4 26. b4 Bg5 27. Nd6 Nc3 28. Nxc8 Nxd1 29. Rxd1 Rxc8 30. Bb3 Rc3 31. Rb1 e4 32. a4 e3 33. fxe3 Bxe3+ 34. Kf1 b6 35. a5 bxa5 36. bxa5 Rc1+ 37. Rxc1 Bxc1 38. Ke2 Bf4 39. a6 Bb8 40. Kd3 g5 41. Kc4 Kg7 42. Kb5 Ba7 43. Kc6 Kf6 44. Kb7 Be3 45. a7 Bxa7 46. Kxa7 h5 47. Bd5 Ke5 48. Ba8 Kf4 49. Kb6 g4 50. hxg4 Kxg4 51. Bc6 Kg3 1/2-1/2

[Event "Ljubljana Winter op"]
[Site "Ljubljana"]
[Date "2014.01.15"]
[Round "2"]
[White "More, Erlend"]
[Black "Cop, Jaka"]
[Result "0-1"]
[WhiteElo "1693"]
[BlackElo "1713"]
[PlyCount "84"]
[EventDate "2014.01.08"]
[EventType "swiss"]
[EventRounds "9"]
[EventCountry "SLO"]
[SourceTitle "EXT 2023"]
[Source "ChessBase"]
[SourceDate "2022.10.05"]
[SourceVersion "1"]
[SourceVersionDate "2022.10.05"]
[SourceQuality "1"]

1. d4 Nf6 2. c4 e6 3. Nc3 Bb4 4. Bg5 0-0 5. Nf3 b6 6. e3 Bb7 7. Bd3 d6 8. 0-0 Bxc3 9. bxc3 Nbd7 10. Re1 h6 11. Bh4 Re8 12. e4 e5 13. Qc2 Nf8 14. Rad1 Qe7 15. c5 bxc5 16. d5 Bc8 17. Bb5 Bd7 18. Qa4 Bxb5 19. Qxb5 Ng6 20. Bg3 Reb8 21. Qa5 Rb6 22. Nd2 Qd7 23. Rb1 Rab8 24. f3 Qc8 25. Qa4 Nd7 26. Qc2 Qa6 27. Rb3 Nf4 28. Bxf4 exf4 29. g3 g5 30. gxf4 gxf4 31. e5 Nxe5 32. c4 Rb4 33. Kf2 Kf8 34. Qh7 Qxa2 35. Qxh6+ Ke7 36. Qxf4 Rxb3 37. Rxe5+ dxe5 38. Qxe5+ Kd7 39. Qf5+ Kd8 40. Qf6+ Kc8 41. Qh8+ Kb7 42. Qh6 Rb6 0-1